LIBRARY & INFORMATION CENTRE, KCAET, TAVANUR

ONLINE PUBLIC ACCESS CATALOGUE (OPAC)

Agricultural Water Pollution and Management (Record no. 15647)

MARC details
000 -LEADER
fixed length control field 00412nam a22001577a 4500
003 - CONTROL NUMBER IDENTIFIER
control field OSt
008 - FIXED-LENGTH DATA ELEMENTS--GENERAL INFORMATION
fixed length control field 190523b ||||| |||| 00| 0 eng d
020 ## - INTERNATIONAL STANDARD BOOK NUMBER
ISBN 9789386194008
082 ## - DEWEY DECIMAL CLASSIFICATION NUMBER
Classification number 628.168
Item number ASH/AG
245 ## - TITLE STATEMENT
Title Agricultural Water Pollution and Management
260 ## - PUBLICATION, DISTRIBUTION, ETC. (IMPRINT)
Place of publication New Delhi
Name of publisher Paradise Press
Year of publication 2018
300 ## - PHYSICAL DESCRIPTION
Number of Pages 269 p.
700 ## - ADDED ENTRY--PERSONAL NAME
Personal name Ashoka, P.
700 ## - ADDED ENTRY--PERSONAL NAME
Personal name Meena, Ram Swaroop.
942 ## - ADDED ENTRY ELEMENTS (KOHA)
Koha item type Books
Holdings
Withdrawn status Lost status Damaged status Collection code Home library Current library Shelving location Date acquired Cost, normal purchase price Full call number Accession Number Koha item type
      Non-fiction KAUAET KAUAET General Stacks 23/05/2019 1350.00 628.168 ASH/AG 25873 Books
free website counter